000 00617nam a2200241 i 4500
001 C2-0295575
003 PPAK
005 20180728074032.0
008 090331s1995 nyu |||| ||||| | eng d
020 _a9780061350962 ; 0061350966
040 _aPPAK
_beng
_cPPAK
_erda
082 0 4 _a823
_223
090 0 0 _a823
_bMAG
_dG
100 1 _aMaguire, Gregory,
_eauthor
245 1 0 _aWicked
264 1 _aNew York :
_bHarper ,
_c1995
300 _a538 pages ;
_c17 cm
336 _2rdacontent
_atext
337 _2rdamedia
_aunmediated
338 _2rdacarrier
_avolume
650 1 0 _aEnglish fiction
942 _ddc
_cB
999 _c100112
_d100112